000 00569nam a2200181Ia 4500
999 _c20214
_d20214
003 OSt
005 20201119093109.0
008 190216s9999||||xx |||||||||||||| ||und||
020 _a9780333368077
040 _coclc
082 _a940.28
_bTIP/E
100 _aTipton, Frank B
_96742
245 0 _aAn Economic And Social History Of Europe,1890-1939 /
_cFrank B Tipton ; Robert Aldrich
260 _bMacmillan,
_c1988.
_aLondon:
300 _a314p
650 _aWorld History-History Of Europe
942 _cBK
_2ddc
_h940.28
_iTIP/E
_k940.28
_mTIP/E